Bassmaster's 100 Best Bass Lakes of 2015 - Statistics

General Stats
  • This quiz has been taken 48 times
  • The average score is 17 of 100
Answer Stats
State Lake % Correct
New York | Ohio Lake Erie
74%
Pennsylvania Presque Isle Bay
74%
Michigan Bays de Noc
62%
Michigan Grand Traverse Bay
62%
Wisconsin Green Bay
62%
Wisconsin Sturgeon Bay
62%
Florida Lake Okeechobee
59%
Michigan Saginaw Bay
56%
Texas Lake Fork Reservoir
50%
Michigan Lake St. Clair
50%
Texas/Louisiana Toledo Bend
50%
New York/Vermont Lake Champlain
38%
Florida St Johns River
38%
California California Delta
35%
Texas Sam Rayburn Reservoir
35%
New York Thousand Islands (St. Lawrence River)
35%
California Clear Lake
32%
South Carolina Cooper River
29%
Tennessee/Kentucky Kentucky/Barkley Lakes
29%
Alabama Lake Guntersville
29%
Minnesota Mille Lacs Lake
29%
Iowa/Wisconsin/Minnesota Mississippi River Pools 4-10
29%
South Carolina Santee Cooper lakes (Marion and Moultrie)
29%
Oklahoma Grand Lake o' the Cherokees
26%
Arizona Lake Havasu
26%
Texas Falcon Lake
24%
Georgia/South Carolina Lake Hartwell
21%
Missouri Lake of the Ozarks
21%
Oklahoma/Texas Lake Texoma
21%
Tennessee Chickamauga Lake
18%
Oregon/Washington Columbia River
18%
Georgia Lake Lanier
18%
Minnesota Lake Minnetonka
18%
Georgia/Florida Lake Seminole
18%
Alabama Lay Lake
18%
New York Oneida Lake
18%
Alabama/Mississippi/Tennessee Pickwick Lake
18%
Virginia Smith Mountain Lake
18%
Texas Lake Conroe
15%
South Carolina Lake Murray
15%
Minnesota Leech Lake
15%
Louisiana Red River
15%
New York Cayuga Lake
12%
Tennessee/Kentucky Dale Hollow Reservoir
12%
Kentucky Lake Cumberland
12%
Alabama/Georgia Lake Eufaula
12%
Arkansas Lake Ouachita
12%
Texas Lake Ray Roberts
12%
New Hampshire Lake Winnipesaukee
12%
Arkansas Bull Shoals Lake
9%
California Lake Berryessa
9%
Oklahoma Lake Hudson
9%
Pennsylvania/Ohio Pymatuning Reservoir
9%
Minnesota Rainy Lake
9%
Maryland Upper Chesapeake Bay
9%
Michigan Burt/Mullett Lakes
6%
Texas Fayette County Reservoir
6%
Michigan Lake Charlevoix
6%
Tennessee Old Hickory Lake
6%
Florida Rodman Reservoir
6%
California Shasta Lake
6%
West Virginia Stonewall Jackson Lake
6%
Arizona Apache Lake
3%
Connecticut Candlewood Lake
3%
New York Chautauqua Lake
3%
Idaho Dworshak Reservoir
3%
Maine Kezar Lake
3%
Idaho Lake Coeur d'Alene
3%
Arkansas Lake Dardanelle
3%
Florida Lake Tohopekaliga
3%
South Carolina Lake Wateree
3%
Alabama Logan Martin Lake
3%
Arkansas Millwood Lake
3%
Tennessee Watauga Lake
3%
Iowa West Okoboji Lake
3%
Minnesota Alexandria chain of lakes
0%
Louisiana Atchafalaya Basin
0%
Idaho/Oregon Brownlee Reservoir
0%
California Bullards Bar
0%
Maine China Lake
0%
Maine Cobbosseecontee Lake
0%
Nebraska Harlan County Reservoir
0%
North Carolina High Rock Lake
0%
Oklahoma Konawa Reservoir
0%
North Dakota Lake Audubon
0%
Louisiana Lake Bistineau
0%
Vermont Lake Bomoseen
0%
Florida Lake Istokpoga
0%
Oklahoma Lake O' the Arbuckles
0%
Nebraska/South Dakota Lewis and Clark Lake
0%
Illinois Newton Lake
0%
Montana Noxon Rapids Reservoir
0%
California Pardee Reservoir
0%
Washington Potholes Reservoir
0%
Massachusetts Quabbin Reservoir
0%
North Carolina Randleman Lake
0%
Mississippi Ross Barnett Reservoir
0%
New Hampshire Squam Lake
0%
Texas Squaw Creek Reservoir
0%
No matching quizzes found
Score Distribution
Percent of People with Each Score
Percentile by Number Answered
Your Score History
You have not taken this quiz